Rural shield evolves locally (Record no. 77750)
[ view plain ]
| 000 -LEADER | |
|---|---|
| fixed length control field | 00946cab a2200217 4500 |
| 001 - CONTROL NUMBER | |
| control field | ##L135024 |
| 008 - FIXED-LENGTH DATA ELEMENTS--GENERAL INFORMATION | |
| fixed length control field | 060920n2006 000 0 eng u |
| 035 ## - SYSTEM CONTROL NUMBER | |
| System control number | (Sirsi) u135024 |
| 041 0# - LANGUAGE CODE | |
| Language code of text/sound track or separate title | eng |
| 100 1# - MAIN ENTRY--PERSONAL NAME | |
| Personal name | James, Huw |
| 245 00 - TITLE STATEMENT | |
| Title | Rural shield evolves locally |
| 260 ## - PUBLICATION, DISTRIBUTION, ETC. | |
| Date of publication, distribution, etc. | 2006 |
| 490 #0 - SERIES STATEMENT | |
| Series statement | Planning (for the Natural and Built Environment) |
| Volume/sequential designation | (1686) 15 September 2006, 16(1) |
| 520 ## - SUMMARY, ETC. | |
| Summary, etc. | Discusses a review of Local Landscape Designations (LLDs) for the Countryside Agency. The review examined the use of LLDs and local authorities' approach to landscape protection. It is hoped that the review will help to inform the formulation of advice on LLDs by Natural England. |
| 590 ## - LOCAL NOTE (RLIN) | |
| Local note | IKA031006 |
| 650 24 - SUBJECT ADDED ENTRY--TOPICAL TERM | |
| Topical term or geographic name entry element | LOCAL LANDSCAPE DESIGNATIONS |
| 651 #4 - SUBJECT ADDED ENTRY--GEOGRAPHIC NAME | |
| Geographic name | England |
| Chronological subdivision | 886- |
| 690 ## - LOCAL SUBJECT ADDED ENTRY--TOPICAL TERM (OCLC, RLIN) | |
| Topical term or geographic name as entry element | ENVIRONMENTAL AND LAND CONSULTANCY-ENVIRONMENTAL MANAGEMENT-ENVIRONMENTAL CONSERVATION-LANDSCAPE CONSERVATION |
| 700 1# - ADDED ENTRY--PERSONAL NAME | |
| Personal name | Ockendon, Nina |
| 942 ## - ADDED ENTRY ELEMENTS (KOHA) | |
| Suppress in OPAC | 0 |
| Withdrawn status | Lost status | Source of classification or shelving scheme | Damaged status | Not for loan | Home library | Current library | Shelving location | Date acquired | Total Checkouts | Full call number | Barcode | Date last seen | Copy number | Price effective from | Koha item type |
|---|---|---|---|---|---|---|---|---|---|---|---|---|---|---|---|
| Dewey Decimal Classification | London | London | Journal article | 20/09/2006 | L135024 | 135024-1001 | 06/08/2019 | 1 | 06/08/2019 | Journal article |